| 000 | 00804nam a2200193 i 4500 | ||
|---|---|---|---|
| 001 | 189020 | ||
| 003 | ES-MaACL | ||
| 005 | 20250810225314.0 | ||
| 008 | 190321s1950 sp |||| | spa d | ||
| 100 | 1 |
_aAleixandre, Vicente, _d1898-1984 _919688 |
|
| 245 | 1 | 0 |
_aVida del poeta _b: el amor y la poesía / _cdiscurso leído ante la Real Academia Española, el día 22 de enero de 1950, en su recepción pública, por el... Sr. D. Vicente Aleixandre y contestación del... Sr. D. Dámaso Alonso. |
| 260 |
_aMadrid : _b[s.n.], _c1950 ( _fS. Aguirre, imp.) |
||
| 300 |
_a51 p. ; _c24 cm. |
||
| 650 | 0 | 7 |
_aPoesía _2embne _916149 |
| 700 | 1 |
_aAlonso, Dámaso, _d1898-1990 _920195 |
|
| 710 | 2 |
_aReal Academia Española _96336 |
|
| 852 |
_aES-MaACL _jK-157-12 _z- Enc. en un vol. facticio |
||
| 999 |
_c189020 _d189020 |
||